| 000 | 00416nam a2200157Ia 4500 | ||
|---|---|---|---|
| 005 | 20250311135210.0 | ||
| 008 | 231217s9999 xx 000 0 und d | ||
| 020 | _a9788131419045 | ||
| 082 | _a658.314 JAG;1 R | ||
| 100 | _aJagadeesan, G | ||
| 245 | 0 | _aEmployee discipline : concepts and issues | |
| 260 |
_c2008 _bICFAI Press _aHyderabad |
||
| 300 | _axii, 240 | ||
| 650 | _aEmployee,discipline | ||
| 942 | _cAA | ||
| 999 |
_c188715 _d188715 |
||